000 00581nam a2200205 a 4500
001 3923
003 CO-ViMGA
008 141112s2004 ck r 000 u spa d
020 _a9686034692
040 _aCO-ViMGA
_bspa
_cCO-ViMGA
082 0 4 _a371.335 B168
100 1 _aBaqueiro, Lizbeth
_954161
245 1 0 _aPlaneación de materiales audiovisuales
260 _aMexico :
_bHarla,
_c1986
300 _a190 p : il
490 _aTextos universitarios en ciencias sociales
650 1 4 _aeducación - AYUDAS EDUCATIVAS
_954162
650 1 4 _aTECNOLOGIA EDUCATIVA
942 _2ddc
_cBK
999 _c15941
_d15941